Diagnóstico organizacional

Guardat en:
Dades bibliogràfiques
Autor principal: Rodríguez Mansilla, Darío (Autor)
Format: Llibre
Idioma:espanyol
Publicat: Santiago Universidad Católica de Chile 1995
Edició:2a. ed
Col·lecció:Colección Textos Universitarios
Matèries:
Etiquetes: Afegir etiqueta
Sense etiquetes, Sigues el primer a etiquetar aquest registre!

MARC

LEADER 00000cam a2200000 a 4500
001 UCK5129
003 CL-VaPUC
008 050708e19950000CL |||||||||||||||||spa|d
020 |a 9561402807 
082 0 4 |a 658.406  |b ROD  |2 21 
100 0 |a Rodríguez Mansilla, Darío  |e author  |9 493847 
245 1 0 |a Diagnóstico organizacional 
250 |a 2a. ed 
300 |a 192 p 
942 |c BK 
945 |d 20050708 00:00:00  |a jcarroza 
260 |a Santiago  |b Universidad Católica de Chile  |c 1995 
650 0 |a Desarrollo organizacional  |9 356124 
650 0 |a Organización  |9 256369 
650 0 |a Cambio organizacional   |9 260741 
583 |a last modification  |c 20180706 02:12:23  |k Rodrigo Vera 
490 0 |a Colección Textos Universitarios 
999 |c 313804  |d 313802 
952 |0 0  |1 0  |4 0  |6 658_406000000000000_ROD_1995  |7 0  |8 R  |9 385323  |a BIBEDU  |b BIBEDU  |d 2019-11-22  |i 4144821  |l 2  |o 658.406 ROD 1995  |p 4144821  |r 2020-11-03  |s 2020-04-29  |w 2019-11-22  |y BK_R  |k PSI 
952 |0 0  |1 0  |3 erb  |4 0  |6 658_406000000000000_ROD_1995  |7 0  |8 A  |9 385324  |a BIBING  |b BIBING  |i 547891K  |o 658.406 ROD 1995  |p 547891K  |r 2025-01-20  |w 2019-11-22  |y BK  |z Catalogado en:20180706  |k ING